Infrastructure management (Record no. 115965)

MARC details
000 -LEADER
fixed length control field 01591cam a22003255a 4500
001 - CONTROL NUMBER
control field L159506
008 - FIXED-LENGTH DATA ELEMENTS--GENERAL INFORMATION
fixed length control field 170725s2017 xxk f 000 0 eng d
035 ## - SYSTEM CONTROL NUMBER
System control number (Sirsi) u159506
041 0# - LANGUAGE CODE
Language code of text/sound track or separate title eng
050 04 - LIBRARY OF CONGRESS CALL NUMBER
Classification number 711.1
110 2# - MAIN ENTRY--CORPORATE NAME
Corporate name or jurisdiction name as entry element Royal Institution of Chartered Surveyors
9 (RLIN) 4900
245 00 - TITLE STATEMENT
Title Infrastructure management
Remainder of title current practices and future trends
Medium [electronic resource]
260 ## - PUBLICATION, DISTRIBUTION, ETC.
Place of publication, distribution, etc. London
Name of publisher, distributor, etc. RICS
Date of publication, distribution, etc. 2017
300 ## - PHYSICAL DESCRIPTION
Extent 48p.
490 #0 - SERIES STATEMENT
Series statement RICS Insight
490 #0 - SERIES STATEMENT
Series statement RICS Research
520 ## - SUMMARY, ETC.
Summary, etc. Delivers insights from industry leaders on the current environment, while offering guidance on how to influence and restore this central pillar of economic growth. It begins by examining demand for infrastructure improvements and provides context on how the current North American infrastructure environment came about. Once this background is established, the report engages in a five-part discussion that integrates expertise from the RICS roundtable participants with the latest research on public infrastructure management.
590 ## - LOCAL NOTE (RLIN)
Local note NTK
650 24 - SUBJECT ADDED ENTRY--TOPICAL TERM
Topical term or geographic name entry element INFRASTRUCTURE FINANCE
650 24 - SUBJECT ADDED ENTRY--TOPICAL TERM
Topical term or geographic name entry element INFRASTRUCTURE INVESTMENT
650 24 - SUBJECT ADDED ENTRY--TOPICAL TERM
Topical term or geographic name entry element INFRASTRUCTURE MANAGEMENT
650 24 - SUBJECT ADDED ENTRY--TOPICAL TERM
Topical term or geographic name entry element INFRASTRUCTURE PLANNING
651 ## - SUBJECT ADDED ENTRY--GEOGRAPHIC NAME
Geographic name UNITED STATES OF AMERICA
690 ## - LOCAL SUBJECT ADDED ENTRY--TOPICAL TERM (OCLC, RLIN)
Topical term or geographic name as entry element Infrastructure
9 (RLIN) 6246
700 1# - ADDED ENTRY--PERSONAL NAME
Personal name Melton, Lawrence A.
700 1# - ADDED ENTRY--PERSONAL NAME
Personal name Dilley, Charles K.
710 1# - ADDED ENTRY--CORPORATE NAME
Corporate name or jurisdiction name as entry element The Building People
856 40 - ELECTRONIC LOCATION AND ACCESS
Uniform Resource Identifier <a href="https://www.rics.org/content/dam/ricsglobal/documents/to-be-sorted/infrastructure-management-current-practices-and-future-trends-rics.pdf">https://www.rics.org/content/dam/ricsglobal/documents/to-be-sorted/infrastructure-management-current-practices-and-future-trends-rics.pdf</a>
Public note View on RICS.org
942 ## - ADDED ENTRY ELEMENTS (KOHA)
Suppress in OPAC 0
Source of classification or shelving scheme Dewey Decimal Classification
Holdings
Withdrawn status Lost status Source of classification or shelving scheme Damaged status Not for loan Home library Current library Shelving location Date acquired Total Checkouts Full call number Date last seen Copy number Price effective from Koha item type
    Dewey Decimal Classification     Virtual Virtual Online 07/08/2017   ONLINE PUBLICATION 31/12/2024 1 06/08/2019 Online material